000 00326 a2200157 4500
001 150210
040 _cEscola São Tomás de Aquino
100 _aPORTO, Líria
240 1 0 _aAsa de passarinho
_lpor
245 1 0 _aAsa de passarinho
300 _a37
362 0 _a2014
440 1 _a
697 _aPoesia
942 _cBK
999 _c150210
_d150210